|
|
|
|
| LEADER |
00000nam0a2200000 4500 |
| 001 |
278224 |
| 005 |
20231101235107.0 |
| 020 |
|
|
|a RU
|b 86-27263
|
| 035 |
|
|
|a (RuTPU)RU\TPU\book\301501
|
| 090 |
|
|
|a 278224
|
| 100 |
|
|
|a 20141209d1986 k y0rusy5003 ca
|
| 101 |
0 |
|
|a rus
|
| 102 |
|
|
|a RU
|
| 105 |
|
|
|a y z 001zy
|
| 200 |
1 |
|
|a Эффективные режимы работы угольных шахт
|f М. А. Сребный [и др.]
|
| 210 |
|
|
|a Москва
|c Недра
|d 1986
|
| 215 |
|
|
|a 140 с.
|
| 225 |
1 |
|
|a Конкретная экономика для горняков
|
| 320 |
|
|
|a Библиогр.: с. 139-141 (43 назв.)
|
| 606 |
1 |
|
|a Угольные шахты
|x Режим работы
|2 stltpush
|3 (RuTPU)RU\TPU\subj\62785
|9 79852
|
| 610 |
1 |
|
|a экономическая эффективность
|
| 610 |
1 |
|
|a надежность
|
| 610 |
1 |
|
|a оборудование
|
| 610 |
1 |
|
|a технико-экономические показатели
|
| 675 |
|
|
|a 622.333.012.2:658.5
|z rus
|v 4
|
| 701 |
|
1 |
|a Сребный
|b М. А.
|g Михаил Александрович
|
| 701 |
|
1 |
|a Харченко
|b В. А.
|
| 701 |
|
1 |
|a Остапов
|b Х. А.
|
| 701 |
|
1 |
|a Иванов
|b В. И.
|
| 801 |
|
0 |
|a RU
|b RuMRKP
|c 19950704
|g psbo
|
| 801 |
|
1 |
|a RU
|b 63413507
|c 20141209
|
| 801 |
|
2 |
|a RU
|b 63413507
|c 20171227
|g RCR
|
| 942 |
|
|
|c BK
|